000 00600nam a2200181Ia 4500
003 GCL
008 140319s9999 xx 000 0 ara d
040 _aGCL /
_cGCL
082 0 4 _a415.5
_bر ا
100 1 _aريغ، دانيال
245 1 0 _aالف الف فعل وفعل: كتاب التصريف /
_cريغ، دانيال
700 1 _aهدى ايوب \\=aريخv \\=aهدغ, دانيالv
300 _a282 ص
490 _aالهيئة العامة للاستعلامات
_v0
650 0 4 _aاللغة العربية
650 0 4 _aاللغة العربية - الصرف
942 _2ddc
_cBK
999 _c52194
_d52194